Pokémons par réseaux de lettres (gen 2) - Statistiques

Statistiques générales
  • Ce quiz a été pris 17 fois
  • Le résultat moyen est 12 sur 16
Statistiques - réponses
Par images Réponse % Correct
Ho-oh
93%
Hoothoot
93%
Joliflor
93%
Axoloto
80%
Farfuret
80%
Girafarig
80%
Caratroc
73%
Cochignon
73%
Crocrodil
73%
Limagma
73%
Pharamp
73%
Écrémeuh
67%
Feuforêve
67%
Germignon
67%
Marcacrin
67%
Noarfang
53%
Aucun quiz correspondant
Distribution des résultats
% des personnes avec chaque résultat
Percentile par nombre de réponses
Votre historique - résultats
Vous n’avez pas pris ce quiz